A bildung hegeliana ainda nos é uma proposta possível? (Record no. 858489)
[ view plain ]
| 000 -CABECERA | |
|---|---|
| Campo de control de longitud fija | 00557nab a2200157 4500 |
| 003 - IDENTIFICADOR DEL NÚMERO DE CONTROL | |
| Campo de control | ES-SlBCS |
| 005 - FECHA Y HORA DE LA ÚLTIMA TRANSACCIÓN | |
| Campo de control | 20210327231242.0 |
| 008 - CÓDIGOS DE INFORMACIÓN DE LONGITUD FIJA | |
| Campo de control de longitud fija | 160907s2015 bl ||||| |||| 00| 0 por d |
| 040 ## - FUENTE DE LA CATALOGACIÓN | |
| Centro catalogador del origen | ES-SlBCS |
| Lengua de catalogación | spa |
| 100 1# - PUNTO DE ACCESO PRINCIPAL-NOMBRE DE PERSONA | |
| Nombre de persona | Nicolau, Marcos Fábio A. |
| 9 (RLIN) | 411221 |
| 245 12 - MENCIÓN DE TÍTULO | |
| Título | A bildung hegeliana ainda nos é uma proposta possível? |
| Mención de responsabilidad, etc. | Marcos Fábio A. Nicolau |
| 246 11 - VARIANTE DE TÍTULO | |
| Título propio / Titulo en breve | Is Hegelian bildung still a possible proposal? |
| 650 00 - PUNTO DE ACCESO ADICIONAL DE MATERIA-TÉRMINO DE MATERIA | |
| Término de materia o nombre geográfico como elemento inicial | Educación |
| 9 (RLIN) | 86687 |
| 773 0# - ENLACE AL DOCUMENTO FUENTE | |
| Parte(s) relacionada(s) | Vol. 29, Nº 58, 2015, págs. 647-663 |
| Título | Educaçao e Filosofia |
| Número de control del registro relacionado | Rev1534 |
| Número Internacional Normalizado para Publicaciones Seriadas (ISSN) | 0102-6801 |
| 942 ## - ENTRADA DE ELEMENTOS AGREGADOS (KOHA) | |
| Fuente de clasificaión o esquema | |
| Koha [por defecto] tipo de item | Artículos de revista |
| Suprimido | Perdido | Fuente de clasificación o esquema | Estropeado | No para préstamo | Localización permanente | Localización actual | Localización en estantería | Fecha adquisición | Préstamos totales | Fecha última consulta | Fecha del precio de reemplazo | Tipo de item de Koha |
|---|---|---|---|---|---|---|---|---|---|---|---|---|
| San Esteban | San Esteban | Depósito de revistas | 07/09/2016 | 07/09/2016 | 07/09/2016 | Artículos de revista |
